Retenção de tributos pelos órgãos e entidades da administração pública : (Record no. 1048)

MARC details
000 -LÍDER
Campo Fixo de Controle 00758nam a2200217 a 4500
001 - NÚMERO DE CONTROLE
Campo de Controle 1048
003 - IDENTIFICAÇÃO DO NÚMERO DE CONTROLE
Campo de Controle BR-CuiBMT
005 - DATA E HORA DA ÚLTIMA ATUALIZAÇÃO
Campo de Controle 20231127215402.0
008 - DADOS FIXOS
Dados Fixos 231127s2013 dfba 000 0 por d
040 ## - AGÊNCIA CATALOGADORA
Código da Agência Catalogadora BR-CuiBMT
Agência que transcreveu o registro BR-CuiBMT
080 ## - Nº DA CLASSIFICAÇÃO DECIMAL UNIVERSAL
Nº edição CDU 2007
Nº Class. CDU 336.22:35
090 ## - NÚMERO DE CHAMADA
Nº classificação 336.22:35
Cutter M917r
100 10 - ENTRADA PRINCIPAL -- AUTOR PESSOAL
Nome pessoal Mota, Marcos César Carneiro da
245 10 - TÍTULO PRINCIPAL
Título principal Retenção de tributos pelos órgãos e entidades da administração pública :
Subtítulo IRRF, IRPJ, CSLL, PIS, COFINS, ISS, ICMS, INSS /
Indicação de responsabilidade Marcos César Carneiro da Mota .
260 ## - PUBLICAÇÃO, DISTRIBUIÇÃO, ETC.
Local de publicação Brasília :
Editora Alegria,
Data 2013.
300 ## - DESCRIÇÃO FÍSICA
N. páginas ou volumes 287 p. :
Ilustrações il.
Dimensões 23 cm
500 ## - NOTAS GERAIS
Notas gerais Legislação atualizada e comentada.
650 ## - ASSUNTO TÓPICO
Cabeçalho tópico ou nome geográfico Tributos
Subdivisão geral Legislação
Subdivisão geográfica Brasil
650 ## - ASSUNTO TÓPICO
Cabeçalho tópico ou nome geográfico Impostos
Subdivisão geral Arrecadação
Subdivisão geográfica Brasil
942 ## - ELEMENTOS DE ENTRADA ADICIONAIS (KOHA)
Fonte de classificação ou esquema de arquivamento Classificação Decimal Universal
Tipo de item do Koha Livros
Holdings
Estado: removido Estado: perdido Fonte de classificação ou esquema de arquivamento Estado: danificado Indisponível para empréstimo Localização permanente Localização atual Data de aquisição Total Checkouts Número de Chamada completo Código de barras Date last seen Número do exemplar Preço efetivo a partir de Tipo de item (Koha)
    Classificação Decimal Universal     Biblioteca da Escola Superior de Contas do TCE/MT Biblioteca da Escola Superior de Contas do TCE/MT 27/11/2023   336.22:35 M917r BIBTCEMT23111172 27/11/2023 Ex. 1 27/11/2023 Livros

Powered by Koha